000 00757nam a2200181Ia 4500
008 090124s9999 xx 000 0 und d
082 _b7623
100 _aप्रियोळलकर अनंत काकबा
245 _a हिन्दुस्तानचे दोन दरवाजे
250 _a0
260 _bधि गोवा हिंदु असोसिएशन
_c1974
300 _a358
600 _aप्रियोळलकर अनंत काकबा
630 _a हिन्दुस्तानचे दोन दरवाजे
700 _aप्रियोळलकर अनंत काकबा
730 _a हिन्दुस्तानचे दोन दरवाजे
942 _cBOOK
999 _c85319
_d85319